书目信息 |
| 题名: |
江安
|
|
| 作者: | 贺靓 主编 | |
| 分册: | ||
| 出版信息: | 长沙 湖南科学技术出版社 2021.01 |
|
| 页数: | 183页 | |
| 开本: | 26cm | |
| 丛书名: | 风物中国志 | |
| 单 册: | ||
| 中图分类: | K927.14 | |
| 科图分类: | ||
| 主题词: | ||
| 电子资源: | ||
| ISBN: | 978-7-5710-0400-2 | |
| 000 | 01134nam 2200277 450 | |
| 001 | 0100028542 | |
| 005 | 20211025120205.0 | |
| 010 | @a978-7-5710-0400-2@dCNY58.00 | |
| 100 | @a20210428d2021 em y0chiy50 ea | |
| 101 | 0 | @achi |
| 102 | @aCN@b430000 | |
| 105 | @aa z 000yy | |
| 106 | @ar | |
| 200 | 1 | @a江安@Ajiang an@f贺靓主编 |
| 210 | @a长沙@c湖南科学技术出版社@d2021.01 | |
| 215 | @a183页@c彩图@d26cm | |
| 225 | 2 | @a风物中国志@Afeng wu zhong guo zhi |
| 300 | @a中国国家地理 | |
| 330 | @a本书讲述的地区是地处四川盆地南缘的江安, 江安是长江边一座安详巴适的小城。盆地与高原, 夷人与汉民, 中原与边疆, 江河与陆路, 宜宾与泸州……无数历史的、地理的边界在此分野, 让江安成为不同区域、民族、文化的交汇之处, 也持续塑造着这座川南小城多元开放的城市个性。从地理位置、经济发展、百姓生活、特产特点等方面, 全方位体现这座小城的历史、文化和魅力, 由此可以看出这座城市在历史变迁中的经济发展与文化沉淀。 | |
| 410 | 0 | @12001 @a风物中国志 |
| 517 | 1 | @a江安@Ajiang an |
| 607 | @a江安县@Ajiang an xian@x概况 | |
| 690 | @aK927.14@v5 | |
| 701 | 0 | @a贺靓@Ahe jing@4主编 |
| 801 | 0 | @aCN@c20210909 |
| 905 | @a河南城建学院图书馆@dK927.14@eH315 | |
| 江安/贺靓主编.-长沙:湖南科学技术出版社,2021.01 |
| 183页:彩图;26cm.-(风物中国志) |
| 中国国家地理 |
| ISBN 978-7-5710-0400-2:CNY58.00 |
| 本书讲述的地区是地处四川盆地南缘的江安, 江安是长江边一座安详巴适的小城。盆地与高原, 夷人与汉民, 中原与边疆, 江河与陆路, 宜宾与泸州……无数历史的、地理的边界在此分野, 让江安成为不同区域、民族、文化的交汇之处, 也持续塑造着这座川南小城多元开放的城市个性。从地理位置、经济发展、百姓生活、特产特点等方面, 全方位体现这座小城的历史、文化和魅力, 由此可以看出这座城市在历史变迁中的经济发展与文化沉淀。 |
| ● |
| 相关链接 |
|
|
|
正题名:江安
索取号:K927.14/H315
 
预约/预借
| 序号 | 登录号 | 条形码 | 馆藏地/架位号 | 状态 | 备注 |
| 1 | 1546614 | 215466145 | 社科库309/309社科库 15排1列6层/ [索取号:K927.14/H315] | 在馆 | |
| 2 | 1546615 | 215466154 | 社科库309/309社科库 15排1列6层/ [索取号:K927.14/H315] | 在馆 |